モンスト 歴代イベントクエスト - Statistics

General Stats
  • This quiz has been taken 41 times
  • The average score is 7 of 21
Answer Stats
Hint Answer % Correct
定期開催 覇者の塔
94%
定期開催 禁忌の獄
88%
定期開催 天魔の孤城
79%
定期開催 未開の大地
74%
定期開催 絶級トーナメント
59%
常設 追憶の書庫
44%
常設 神獣の聖域
41%
常設 閃きの遊技場
38%
終了 封印の玉楼
38%
常設 歴戦の跡地
32%
不定期開催 秘海の冒険船
24%
終了 連覇の道
21%
不定期開催 美食の旅路
15%
不定期開催 アルゴリズムランド
12%
不定期開催 栄冠の闘技場
12%
不定期開催 試練の門
9%
終了 裏・覇者の塔 東
9%
終了 裏・覇者の塔 西
9%
終了 裏・覇者の塔 南
9%
終了 裏・覇者の塔 北
9%
不定期開催 リアルタイムワールド
6%
No matching quizzes found
Score Distribution
Percent of People with Each Score
Percentile by Number Answered
Your Score History
You have not taken this quiz